000 00638nam a2200205 i 4500
001 95743
003 ES-MaACL
005 20250826064206.0
007 t|
008 050603s1961 sp |||| | spa d
100 1 _aLluís y Navas, Jaime.
_972976
245 1 4 _aLas actas de la Inspección de Trabajo /
_cDr. Jaime Lluís y Navas.
260 _aBarcelona :
_bAnabasis,
_c1961.
300 _a229 p. ;
_c25 cm.
490 1 _aMonografías prácticas ;
_v3
650 7 _aInspección de trabajo-
_zEspaña
_2
_9140502
830 1 0 _aMonografías prácticas
_v3
_9184369
852 4 _aES-MaACL
_jC-21318
999 _c95743
_d95743